000 00467nam a22001697a 4500
003 OSt
008 240322b |||||||| |||| 00| 0 eng d
020 _a9780134058160
041 _aeng
082 _a771
_bJEN/IN
100 _aJensen,John. R
_9424
245 _aIntroductory digital image processing: remote sensing perspective /
250 _a4
260 _aGlenview :
_bPearson Series in Geographic Information Science,
_c2016.
300 _a623 p.
942 _cBK
999 _c14307
_d14307